| 000 | 01600 a2200241 4500 | ||
|---|---|---|---|
| 001 | 28911 | ||
| 005 | 20260407155558.0 | ||
| 008 | 260407a1993 arg spa d | ||
| 003 | AR-UNSa-BCEJYS | ||
| 040 |
_aAR-UNSa-BCEJYS _bspa _cAR-UNSa-BCEJYS |
||
| 080 |
_a347.61 _xLa familia |
||
| 245 | 1 | 0 |
_aDerecho civil _pDerecho de familia |
| 020 | _a950-508-300-9 | ||
| 250 | _a2a. ed. | ||
| 264 | 1 |
_aBuenos Aires : _bAstrea _c1993 |
|
| 300 |
_a2 v. _c23 cm. |
||
| 505 | _aVol. I: 1. Familia y derecho de familia - 2. Estado de familia - 3. Parentesco - 4. Caracterización del acto jurídico matrimonial - 5. Cuestiones jurídicas previas a la celebración del matrimonio - 6. Presupuestos del acto jurídico matrimonial - 7. Estructura del acto jurídico matrimonial - 8. Ineficacia del acto jurídico matrimonial - 9.Nulidad de matrimonio - 10. Relaciones personales de los cónyuges - 11. Caracterización de regímenes y derecho argentino - 12.Activo y pasivo de la sociedad conyugal - 13. Administración y disposición de bienes - 14. Disolución y liquidación -- Vol. II: 15. Disolución del vínculo matrimonial - 16. Separación personal y divorcio vincular - 17. Concubinato - 18.Filiación - 19. Acciones de estado relativas a la filiación - 20. Biogenética y filiación - 21. Adopción - 22. Patria Potestad - 23. Tutela de menores | ||
| 041 | _aspa | ||
| 942 | _cBK | ||
| 590 | _aniveau_biblio:m niveau_hierar:0 | ||
| 100 | 1 | _aZannoni, Eduardo A. | |
| 856 | 4 | 1 |
_uhttps://biblioeco.unsa.edu.ar/pmb/images/libros/Derecho Civil Derecho de Familia-l119991.jpg _yImagen de portada _qimage/jpeg |
| 999 |
_c1752 _d1752 |
||